| 000 | 00449cam a2200181ua 4500 | ||
|---|---|---|---|
| 020 | _c15.00 | ||
| 041 |
_ahin _h |
||
| 082 |
_a891.54 _bJAW/VI |
||
| 100 | _aJawaharlal Nehru, . | ||
| 245 |
_aVishwa- Itihas ki jalak / _cJawaharlal Nehru. _hTextual Documents |
||
| 250 |
_a3 / _b. |
||
| 260 |
_aNewdelhi : _bSastra sahithya mandal , _c1962. |
||
| 300 | _a687 ; . | ||
| 365 | _a15.00 | ||
| 504 | _a | ||
| 942 | _cBK | ||
| 999 |
_c3816 _d3816 |
||